Countries The Simpsons have visited - Statistics

General Stats
  • This quiz has been taken 100 times
  • The average score is 20 of 27
Answer Stats
Continent Country % Correct
Oceania Australia
100%
Europe France
97%
Europe United Kingdom
97%
North America Canada
93%
Asia China
92%
Asia/ Europe Russia
92%
Europe Italy
91%
South America Brazil
89%
Asia Japan
89%
Europe Spain
89%
North America Mexico
88%
North America United States of America
84%
Europe Belgium
76%
Europe Ireland
75%
South America Peru
75%
North America Cuba
73%
Asia India
73%
Africa Egypt
72%
Europe Denmark
68%
South America Ecuador
61%
Europe Sweden
61%
Europe the Netherlands
59%
Asia Israel
57%
Africa Morocco
57%
Africa Tanzania
49%
Europe Iceland
45%
Europe Luxembourg
35%
No matching quizzes found
Score Distribution
Percent of People with Each Score
Percentile by Number Answered
Your Score History
You have not taken this quiz